000 00567nam a22002177a 4500
003 UA-OsUOA
001 97313
007 ta
008 20130327b un ||||| |||| 00| 0 ukr d
090 _a821.21
_bО-61
942 _cBK
040 _aUA-OsUOA
_bukr
_cUA-OsUOA
_dUA-OsUOA
245 _aОповідання письменників Індії
300 _a295 с.
955 _a3
041 _aukr
080 _a821.21
260 _aК.
_bДніпро
_c1981
650 7 _a82 Література. Літературознавство
_2UDC
999 _c383559
_d383559